Limnogonus and neogerris of the old world with character analysis and a reclassification of the Gerrinae (Himenoptera: Gerridae) (Registro nro. 5089)

Detalles MARC
000 -CABECERA
Campo de control 00679nam a2200205 a 4500
005 - FECHA Y HORA DE LA ULTIMA TRANSACCION
Campo de control 20191224041756.0
008 - ELEMENTOS DE LONGITUD FIJA—INFORMACION GENERAL
Campo de control 140318b1975 sw ||||| |||| 00| 0 eng d
040 ## - FUENTE DE CATALOGACIÓN
Agencia catalogadora original CO-BoIAVH
Agencia transcriptora CO-BoIAVH
041 ## - IDIOMA
Código de idioma para texto/pista de sonido o título separado Inglés
082 #4 - NUMERO DE CLASIFICACION DECIMAL DEWEY
Número de clasificación 595.79
Número del ítem M72l
100 1# - ASIENTO PRINCIPAL--NOMBRE PERSONAL
Nombre personal Moller Andersen, N.
245 1# - MENCION DE TITULO
Título Limnogonus and neogerris of the old world with character analysis and a reclassification of the Gerrinae (Himenoptera: Gerridae)
260 ## - PUBLICACION, DISTRIBUCION, ETC. (PIE DE IMPRENTA)
Lugar de publicación, distribución, etc. Lund
Nombre del editor, distribuidor, etc. Berlingska Boktryckeriet
Fecha de publicación, distribución, etc. 1975
300 ## - DESCRIPCION FISICA
Extensión 96 paginas.;
Otros detalles físicos ilustraciones.;
Dimensiones 27 x 22 cm
650 #4 - ASIENTO SECUNDARIO DE MATERIA - TERMINO TEMATICO
Término temático o nombre geográfico como elemento de entrada Hymenoptera
650 #4 - ASIENTO SECUNDARIO DE MATERIA - TERMINO TEMATICO
Término temático o nombre geográfico como elemento de entrada himenópteros
650 #4 - ASIENTO SECUNDARIO DE MATERIA - TERMINO TEMATICO
Término temático o nombre geográfico como elemento de entrada Hemiptera,
942 ## - ELEMENTOS ADICIONALES (KOHA)
Tipo de ítem Libro
Sistema de clasificación Dewey Decimal Classification
945 ## - PROCESAMIENTO LOCAL
AAAA-MM-DD - Fecha de ingreso o modificacion 2006-01-05
Existencias
Withdrawn status Lost status Sistema de Clasificación Damaged status No para préstamo Colección Inventariado Ubicación Permanente Ubicación actual Fecha de adquisición Fuente de Valor Total Checkouts Número topográfico Inventario / Código de Barras Date last seen Ejemplar Price effective from Forma de adquisición Tipo de material
    Dewey Decimal Classification     General Inventariado 2017 Bogotá Bogotá 05/01/2006 Instituto   LB-595.79 M72l 022777 04/12/2012 Ej. 1 04/12/2012   Libro